000 00669nam a2200193 ar4500
001 1084
005 20221127090132.0
008 081213s xxua 00110|eng d
020 _a0071453644(hpb) :
_cSR166.00
082 0 4 _a658.4013
_bEc57 2005
100 1 _aEckes, George.
245 1 0 _aSix Sigma execution :
_bhow the world's greatest comapnies live and breathe Six Sigma /
_cGeorge Eckes.
260 _aNew York :
_bMcGraw-Hill,
_c2005.
300 _ax, 278 p. :
_bill. ;
_c23 cm.
504 _aIncludes bibl. references and index.
650 4 _aSix sigma(Quality control standard).
650 4 _aQuality control
_xStatistical methods.
650 4 _aProduction control.
999 _c1083
_d1083